[Event "Mondariz op 9th"]
[Site "Mondariz Balneario"]
[Date "2011.08.28"]
[Round "7.9"]
[White "Villalonga Coll, Jaume"]
[Black "Carreira Casais, Anxo"]
[Result "1-0"]
[WhiteElo "2129"]
[BlackElo "1817"]
[PlyCount "77"]
[EventDate "2011.08.22"]
[EventType "swiss"]
[EventRounds "7"]
[EventCountry "ESP"]
[SourceTitle "EXT 2024"]
[Source "ChessBase"]
[SourceDate "2023.10.10"]
[SourceVersion "1"]
[SourceVersionDate "2023.10.10"]
[SourceQuality "1"]

1. d4 c5 2. d5 Nf6 3. c4 e6 4. Nc3 exd5 5. cxd5 d6 6. e4 g6 7. f4 Bg7 8. Nf3 0-0 9. Be2 Re8 10. Nd2 Na6 11. 0-0 Nc7 12. a4 a6 13. a5 Bd7 14. Bf3 Nb5 15. e5 dxe5 16. fxe5 Rxe5 17. Nc4 Re8 18. Nb6 Nxc3 19. bxc3 Ra7 20. Ba3 Bf8 21. d6 Re5 22. Qd2 Be6 23. Rad1 Nd7 24. c4 Rf5 25. Bd5 Bg7 26. Bxe6 fxe6 27. Bb2 Nxb6 28. axb6 Ra8 29. Bxg7 Kxg7 30. Rxf5 gxf5 31. d7 a5 32. Qd6 Kf7 33. Qc7 a4 34. Qxb7 a3 35. Qxa8 Qxa8 36. d8Q Qa6 37. Rd7+ Kg6 38. Qg8+ Kf6 39. Qg7# 1-0

[Event "Mondariz op 9th"]
[Site "Mondariz Balneario"]
[Date "2011.08.25"]
[Round "4.17"]
[White "Carreira Casais, Anxo"]
[Black "Gomez Dieguez, David"]
[Result "0-1"]
[WhiteElo "1817"]
[BlackElo "1968"]
[PlyCount "106"]
[EventDate "2011.08.22"]
[EventType "swiss"]
[EventRounds "7"]
[EventCountry "ESP"]
[SourceTitle "EXT 2024"]
[Source "ChessBase"]
[SourceDate "2023.10.10"]
[SourceVersion "1"]
[SourceVersionDate "2023.10.10"]
[SourceQuality "1"]

1. Nf3 Nf6 2. d4 b5 3. e3 a6 4. Bd3 Bb7 5. 0-0 e6 6. a4 b4 7. c3 c5 8. Re1 Qc7 9. cxb4 c4 10. Be2 Bxb4 11. Bd2 a5 12. Na3 Bxa3 13. Rxa3 0-0 14. Ne5 d5 15. e4 Nxe4 16. Rh3 f6 17. Ng4 f5 18. Ne5 Nc6 19. Nxc6 Bxc6 20. Bf1 Nxd2 21. Qxd2 Rf6 22. Rhe3 Qd6 23. Qe2 Bxa4 24. g3 Rb8 25. Ra1 Qc6 26. Rea3 Rb4 27. Bg2 Rf7 28. Re3 Rb6 29. Rea3 Bb5 30. Qd2 a4 31. Qg5 Qd6 32. Re1 Rf8 33. h4 h6 34. Qd2 Bd7 35. Rae3 Rfb8 36. Qa5 Qb4 37. Qa7 R6b7 38. Qa6 Qb6 39. Qxb6 Rxb6 40. g4 fxg4 41. Kh2 Rxb2 42. Kg3 R2b3 43. Kxg4 Rxe3 44. Rxe3 Rb3 45. Re2 a3 46. Kh5 Rb2 47. Re1 a2 48. Ra1 Rxf2 49. Bf1 Rf4 50. Bd3 cxd3 51. Rg1 Be8+ 52. Rg6 e5 53. dxe5 a1Q 0-1